Carissa's Wierd Songs - Statistics

General Stats
  • This quiz has been taken 5 times
  • The average score is 21 of 47
Answer Stats
Album song % Correct
Songs About Leaving Sofisticated F*** Princess Please Leave Me Alone
100%
Songs About Leaving Farewell to All These Rotten Teeth
75%
Ugly But Honest Heather Rhodes
75%
Songs About Leaving Ignorant Piece of S***
75%
Songs About Leaving (March 19th 1983) It Was Probably Green
75%
Songs About Leaving September Come Take This Heart Away
75%
Songs About Leaving So You Wanna Be a Superhero
75%
Songs About Leaving They'll Only Miss You When You Leave
75%
Tucson Tucson
75%
You Should Be at Home Here You Should Be at Home Here
75%
Songs About Leaving You Should Be Hated Here
75%
Ugly But Honest A Bathtile Green
50%
Ugly But Honest Alphabet on the Manhole
50%
Songs About Leaving A New Holiday (November 16th)
50%
Ugly But Honest Blankets Stare
50%
I Before E Blue Champagne Glass
50%
I Before E Die
50%
Ugly But Honest Drunk w/ the Only Saints I Know
50%
Ugly But Honest Fluorescent Lights
50%
Scrap Book Isolation
50%
Songs About Leaving Low Budget Slow Motion Soundtrack Song for the Leaving Scene
50%
Tucson Meredith & Iris
50%
Ugly But Honest One Night Stand
50%
Ugly But Honest Sitting in the Smoking Lounge of an Airport With a Broken Heart
50%
Scrap Book Sympathy Bush
50%
You Should Be at Home Here The Color That Your Eyes Changed With The Color Of Your Hair
50%
You Should Be at Home Here The Part About The Vine That's Growing Through My Window And Reaching Towards My Bed
50%
Songs About Leaving The Piano Song
50%
Ugly But Honest To Be There Now
50%
You Should Be at Home Here All Apologies and Smiles, Yours Truly, Ugly Valentine
25%
You Should Be at Home Here A Loose Hair Falls Into a Glass of Water Without Ice
25%
Scrap Book Asleep
25%
You Should Be at Home Here Blessed Arms That Hold You Tight, Freezing Cold and Alone
25%
You Should Be at Home Here Brooke Daniels' Tiny Broken Fingers
25%
Scrap Book Chelsea Hotel
25%
Scrap Book Curtains
25%
Scrap Book Gauze
25%
You Should Be at Home Here Halfway Spoken Heart That Feels Comfort in Everything Until It Disappears and Then It's Gone
25%
Ugly But Honest Lazy Eyelids
25%
I Before E Phantom Fireworks
25%
Scrap Book Sharin' A Hole
25%
Ugly But Honest Some Days Are Better Than Others
25%
You Should Be at Home Here The Ghost of a Dead Hummingbird Flying Around the Room
25%
Scrap Book Unfaileable
25%
You Should Be at Home Here Fear Not Friend For Tonight We Ride
0%
Scrap Book Figure It Out
0%
Songs About Leaving Silently Leaving the Room
0%
No matching quizzes found
Score Distribution
Percent of People with Each Score
Percentile by Number Answered
Your Score History
You have not taken this quiz